Muscles of the anterior forearm - Statistics

General Stats
  • This quiz has been taken 78 times
  • The average score is 5 of 8
Answer Stats
Picture Answer % Correct
Pronator Teres
93%
Flexor Carpi Ulnaris
88%
Flexor Carpi Radialis
69%
Pronator Quadratus
64%
Flexor Digitorum Profundus
53%
Flexor Digitorum Superficialis
52%
Palmaris Longus
52%
Flexor Pollicis Longus
41%
No matching quizzes found
Score Distribution
Percent of People with Each Score
Percentile by Number Answered
Your Score History
You have not taken this quiz